000 00727cam a22002533a 4500
001 23397
003 PGUSA
005 20140828083511.0
008 071107s2007||||xxu|||||s|||||000 p eng d
040 _aPGUSA
_beng
042 _adc
050 4 _aPZ
100 1 _aWarner-Sleigh,
_cMrs
245 1 0 _aAt the Seaside
_h[electronic resource] /
_cWarner-Sleigh,
260 _bProject Gutenberg,
_c2007
506 _aPublic domain in the USA.
516 _aElectronic text
653 _aVacations -- Juvenile poetry
653 _aSeashore -- Juvenile poetry
700 1 _aGrey,
_cMrs
_q(Elizabeth Caroline),
_d1798-1869
830 0 _aProject Gutenberg
_v23397
856 4 0 _uhttp://www.gutenberg.org/ebooks/23397
942 _cEB
999 _c252652
_d252652